00365nam a2200133Ia 4500008004100000020001500041041001200056082001600068100002000084245007800104260002500182300000800207650001600215221030s9999 xx 000 0 und d a0074601423 aEnglish a105.23bGot aB. S. Gottfried 0aSchaume`s Theory & Problems of Programming with Basiccby B. S. Gottfried bTMHaNew Delhic2001 a386 aBB Computer